LEADER 00948nam0-22003371--450- 001 990008191000403321 005 20061110134657.0 010 $a88-348-8240-7 020 $aIT$b2000-482 035 $a000819100 035 $aFED01000819100 035 $a(Aleph)000819100FED01 035 $a000819100 100 $a20050922d1999----km-y0itay50------ba 101 0 $aita 102 $aIT 105 $ay---n---001yy 200 1 $aContabilità di Stato e degli enti pubblici$fVincenzo Caputi Jambrenghi ... [et al.] 205 $a3. ed. 210 $aTorino$cGiappichelli$d1999 215 $aXX, 422 p.$d24 cm 676 $a352.430945$v21$zita 702 1$aCaputi Jambrenghi,$bVincenzo 801 0$aIT$bUNINA$gRICA$2UNIMARC 901 $aBK 912 $a990008191000403321 952 $aSCUOLA A 21$b288$fDDA 952 $aVI A 567$b5283$fDDA 959 $aDDA 996 $aContabilità di Stato e degli enti pubblici$958071 997 $aUNINA LEADER 02817oam 2200721I 450 001 9910462699103321 005 20200520144314.0 010 $a1-317-04162-3 010 $a1-317-04161-5 010 $a1-315-61357-3 010 $a1-78402-005-2 010 $a1-299-05610-5 010 $a1-4094-2374-3 024 7 $a10.4324/9781315613574 035 $a(CKB)2670000000332549 035 $a(EBL)1123195 035 $a(OCoLC)827206873 035 $a(SSID)ssj0000819459 035 $a(PQKBManifestationID)12428960 035 $a(PQKBTitleCode)TC0000819459 035 $a(PQKBWorkID)10845420 035 $a(PQKB)11202161 035 $a(MiAaPQ)EBC1123195 035 $a(MiAaPQ)EBC5207533 035 $a(Au-PeEL)EBL5207533 035 $a(CaPaEBR)ebr11489746 035 $a(OCoLC)1018147179 035 $a(OCoLC)948604572 035 $a(EXLCZ)992670000000332549 100 $a20180706e20162013 uy 0 101 0 $aeng 135 $aur|n|---||||| 181 $ctxt 182 $cc 183 $acr 200 04$aThe Ashgate research companion to the Counter-Reformation /$fedited by Alexandra Bamji, Geert H. Janssen [and] Mary Laven 210 1$aLondon ;$aNew York :$cRoutledge,$d2016. 215 $a1 online resource (509 p.) 225 1 $aAshgate Research Companion 300 $a"First published 2013 by Ashgate Publishing"--t.p. verso. 311 $a1-4094-2373-5 320 $aIncludes bibliographical references at the end of each chapters and index. 327 $apt. I. Conflict, coexistence and conversion -- pt. II. Catholic lives and devotional identities -- pt. III. Ideas and cultural practices -- pt. IV. Religious change. 330 $aThe Ashgate Research Companion to the Counter-Reformation presents a comprehensive examination of recent scholarship on early modern Catholicism in its many guises. It examines how the Tridentine reforms inspired conflict and conversion, and evaluates lives and identities, spirituality, culture and religious change. This wide-ranging and original research guide is a unique resource for scholars and students of European and transnational history. 410 0$aAshgate research companion. 606 $aCounter-Reformation 606 $aChurch history$y16th century 606 $aChurch history$y17th century 608 $aElectronic books. 615 0$aCounter-Reformation. 615 0$aChurch history 615 0$aChurch history 676 $a282.09031 701 $aBamji$b Alexandra$0904135 701 $aJanssen$b Geert H$0904136 701 $aLaven$b Mary$f1969-$0904137 801 0$bMiAaPQ 801 1$bMiAaPQ 801 2$bMiAaPQ 906 $aBOOK 912 $a9910462699103321 996 $aThe Ashgate research companion to the Counter-Reformation$92021313 997 $aUNINA